01443nam a2200301Ia 450000500170000000800390001702000150005604100080007110000270007924501070010625000250021330000390023849000130027752004230029052100240071365000450073765000480078265000350083065000370086570000320090270000330093426400400096733600270100733700330103433800280106704000350109508400110113020220316235211.0121119s2003 ck a br 000 f spa a95824005791 aspa1 aHartling, Peterd1933-10aBen quiere a AnnacPeter Hartling ; traducción de Víctor Canicio ; ilustraciones de Sophie Brandes aOctava reimpresión a98 páginasbilustracionesc19 cm0 aInfantil3 aBen se enamora perdidamente de Anna, una niña polaca que llega nueva a la escuela. Es pobre y su padre está en el paro, pero Ben enseguida comprueba que con Anna se pueden compartir muchas cosas: una cabaña abandonada, un baño en el río, una comida familiar en un remolque. La escritura directa de este autor deja en el relato trazos del auténtico deslumbramiento por la vida que solo ocurre en la infancia1 aDesde los 10 años14aNovela infantil alemana ySiglo XX2LEMB14aLiteratura infantil alemanaySiglo XX2LEMB14aAmistad en la literatura2LEMB14aXenofobia en la literatura2LEMB1 aCanicio, Victor etraductor1 aBrandes, Sophie eilustrador aBogotábEdiciones Alfaguarac2003 atextobtxt2rdacontent asin mediaciónbn2rdamedia avolumenbnc2rdacarrier aCO-BoRNBPbspaerdacCO-BoRNBP aN HAR1